| 000 | 00737cam a22002411a 4500 | ||
|---|---|---|---|
| 001 | k 63000415 | ||
| 003 | DLC | ||
| 005 | 20260227111524.0 | ||
| 008 | 991101s1948 ko 000 0 kor | ||
| 010 | _ak 63000415 | ||
| 035 | _a(CStRLIN)DCLP99-B11576 | ||
| 040 |
_aDLC _cDLC-R |
||
| 050 | 0 | 0 |
_aML60 _b.I5 |
| 066 | _c$1 | ||
| 100 | 1 |
_6880-01 _aIm, Tong-hyŏk. |
|
| 245 | 1 | 0 |
_6880-02 _aŬmak kwa munhwa / _cIm Tong-hyŏk chŏ. |
| 260 |
_6880-03 _aSŏul : _bTongbang Munhwasa, _c1948. |
||
| 300 |
_a197 p. ; _c18 cm. |
||
| 650 | 0 |
_aMusic _xHistory and criticism. |
|
| 880 | 1 |
_6100-01/$1 _a任 東. |
|
| 880 | 1 | 0 |
_6245-02/$1 _a音樂 과 文化 / _c任 東 著. |
| 880 |
_6260-03/$1 _a서울 : _b東邦 文化社, _c1948. |
||
| 999 |
_c35339 _d35339 |
||